书目信息 |
| 题名: |
翻天覆地
|
|
| 作者: | 陈梅芳 编写 | |
| 分册: | ||
| 出版信息: | 长春 吉林出版集团有限责任公司 2011.03 |
|
| 页数: | 119页 | |
| 开本: | 21cm | |
| 丛书名: | ||
| 单 册: | ||
| 中图分类: | I253.3 , F127.653 | |
| 科图分类: | ||
| 主题词: | 报告文学--中国--当代 , 经济特区--经济发展--珠海市 , 经济特区 , 经济发展 , 报告文学 | |
| 电子资源: | ||
| ISBN: | 978-7-5463-1881-3 | |
| 000 | 00973nam0 22003131 450 | |
| 001 | 004986250 | |
| 005 | 20111228105905.64 | |
| 010 | @a978-7-5463-1881-3@dCNY22.00 | |
| 096 | @aI25@bcmf | |
| 100 | @a20101015d2011 em y0chiy50 ea | |
| 101 | 0 | @achi |
| 102 | @aCN@b220000 | |
| 105 | @ay z 000zy | |
| 200 | 1 | @a翻天覆地@9fan tian fu di@e珠海经济特区建立与发展@f陈梅芳编写 |
| 210 | @a长春@c吉林出版集团有限责任公司@d2011.03 | |
| 215 | @a119页@d21cm | |
| 300 | @a共和国故事 | |
| 330 | @a本书介绍了珠海经济特区建立与发展的有关情况,内容包括:筹建探索、开创基业、深化改革、大力发展。 | |
| 517 | 1 | @a珠海经济特区建立与发展@9zhu hai jing ji te qu jian li yu fa zhan |
| 606 | 0 | @a报告文学@y中国@z当代 |
| 606 | 0 | @a经济特区@x经济发展@y珠海市 |
| 606 | 0 | @a经济特区 |
| 606 | 0 | @a经济发展 |
| 606 | 0 | @a报告文学 |
| 690 | @aI253.3@v4 | |
| 690 | @aF127.653@v4 | |
| 701 | 0 | @a陈梅芳@9chen mei fang@4编写 |
| 801 | 0 | @c20111228 |
| 905 | @aZUCC@dI253.3@eC510@f3 | |
| 翻天覆地:珠海经济特区建立与发展/陈梅芳编写.-长春:吉林出版集团有限责任公司,2011.03 |
| 119页;21cm |
| 共和国故事 |
| ISBN 978-7-5463-1881-3:CNY22.00 |
| 本书介绍了珠海经济特区建立与发展的有关情况,内容包括:筹建探索、开创基业、深化改革、大力发展。 |
| ● |
| 相关链接 |
|
|
|
正题名:翻天覆地
索取号:I253.3/C510
 
预约/预借
| 序号 | 登录号 | 条形码 | 馆藏地/架位号 | 状态 | 备注 |
| 1 | 1184402 | 211844021 | 社科二线400B/400B社科库 24排2列3层/ [索取号:I253.3/C510] | 在馆 | |
| 2 | 1184403 | 211844030 | 社科二线400B/400B社科库 24排2列3层/ [索取号:I253.3/C510] | 在馆 | |
| 3 | 1184404 | 211844049 | 文学库108/108文学库 68排2列5层/ [索取号:I253.3/C510] | 在馆 |